00511nam a2200145Ia 4500008004100000100001800041245009900059245003800158260000900196300001100205650001300216856004400229999001900273952007300292170221s9999 xx 000 0 und d aHarun, Harun. aAccounting Change and Institutional Capacity: The Case of a Provincial Government in Indonesia cHarun Harun and Haryono P. Kamase c2012 a32 : 3 xBusiness uhttp://ro.uow.edu.au/aabfj/vol6/iss2/4/ c311191d311191 001040aCLbCLd2017-02-21l0r2017-02-21 00:00:00w2017-02-21yFOJ